| 000 | 00524nam a22001931a 4500 | ||
|---|---|---|---|
| 001 | 872 | ||
| 003 | OSt | ||
| 005 | 20260204211712.0 | ||
| 008 | 040114s1980||||dr ||||||b||||||||||spa|| | ||
| 050 | _aRD 370 H43f | ||
| 082 | _aRD 370 H43f | ||
| 100 | _aHernández Disla, Pablo María | ||
| 245 | _aFundamentos de pedagogía científica / Pablo María Hernández Disla | ||
| 264 | _aSanto Domingo : UASD | ||
| 300 | _a340 p. | ||
| 500 | _aIncluye bibliografía. | ||
| 650 | _a1.Educación 2.Pedagogía IIÌ | ||
| 942 |
_2ddc _cBK |
||
| 999 |
_c872 _d872 |
||